000 00615nam a2200181Ia 4500
008 100921s9999 xx 000 0 und d
082 _b40012
_a891.463 न 05
100 _aवैद्य सुरेश.
245 _aकठपुतली.
260 _bविद्यार्थी प्रकाशन,पुणे.
_c2005
300 _a296
_bजयेश एजन्सी,पुणे.
365 _b280
520 _aललित-कादंबरी.
630 _aकठपुतली.
650 _aललित-कादंबरी.
730 _aकठपुतली.
942 _cBOOK
999 _c789125
_d789122